[Event "XXXIII Memorial Edoardo Crespi A"]
[Site "Milano ITA"]
[Date "2012.12.06"]
[Round "2"]
[White "Cervini, Gian Piero"]
[Black "D'Avino, Gianfranco"]
[WhiteElo "1800"]
[BlackElo "1855"]
[Result "1/2-1/2"]
[PlyCount "58"]
[EventDate "2012.12.05"]

1. e4 e6 2. d4 d5 3. Nc3 Bb4 4. a3 Bxc3+ 5. bxc3 dxe4 6. Qg4 Nf6 7. Qxg7 Rg8 8.
Qh6 Nbd7 9. Ne2 b6 10. Ng3 Bb7 11. Bb2 Qe7 12. O-O-O O-O-O 13. c4 Rg6 14. Qd2
c5 15. dxc5 Nxc5 16. Qf4 Rxd1+ 17. Kxd1 Ne8 18. Be2 Qd6+ 19. Qd2 Na4 20. Bc1
Nc3+ 21. Ke1 Qxd2+ 22. Bxd2 Nxe2 23. Kxe2 Nd6 24. c5 bxc5 25. Be3 Ba6+ 26. Kd1
Nb7 27. Nxe4 Rxg2 28. Nxc5 Nxc5 29. Bxc5 Kb7 1/2-1/2

[Event "XXXIII Memorial Edoardo Crespi A"]
[Site "Milano ITA"]
[Date "2012.12.06"]
[Round "2"]
[White "Consalvo, Gerardo"]
[Black "Brioschi, Camillo"]
[WhiteElo "1959"]
[BlackElo "1812"]
[Result "0-1"]
[PlyCount "67"]
[EventDate "2012.12.05"]

1. e4 e5 2. Nf3 Nc6 3. Bc4 Nf6 4. d3 Be7 5. c3 d6 6. Nbd2 O-O 7. Bb3 Na5 8. Bc2
c5 9. Nf1 Nc6 10. h3 Re8 11. g4 Nd7 12. Ng3 Nf8 13. Nf5 Be6 14. Be3 d5 15. Qe2
d4 16. Bd2 b5 17. a3 Nd7 18. Nxe7+ Qxe7 19. Ng5 Nf8 20. O-O h6 21. Nxe6 Nxe6
22. Bb3 c4 23. dxc4 Nc5 24. Ba2 bxc4 25. cxd4 Nxd4 26. Qd1 Ncb3 27. Kg2 Nxa1
28. Bb4 Qb7 29. Qxa1 Qxe4+ 30. f3 Qd5 31. Bb1 e4 32. fxe4 Rxe4 33. Bxe4 Qxe4+
34. Kh2 0-1

[Event "XXXIII Memorial Edoardo Crespi A"]
[Site "Milano ITA"]
[Date "2012.12.06"]
[Round "2"]
[White "Corso, Gabriele"]
[Black "Reale, Simone"]
[WhiteElo "1804"]
[BlackElo "1880"]
[Result "0-1"]
[PlyCount "40"]
[EventDate "2012.12.05"]

1. e4 c5 2. Nf3 d6 3. Bb5+ Nd7 4. d4 cxd4 5. Qxd4 Ngf6 6. Nc3 a6 7. Bc4 e6 8.
Bg5 Be7 9. O-O O-O 10. a4 b6 11. Rfd1 Qc7 12. Rd2 h6 13. Bh4 Ne5 14. Nxe5 dxe5
15. Qd3 Rd8 16. Bd5 Bb7 17. Qf3 exd5 18. Bxf6 dxe4 19. Rxd8+ Rxd8 20. Bxe5 Qxe5
0-1

[Event "XXXIII Memorial Edoardo Crespi A"]
[Site "Milano ITA"]
[Date "2012.12.06"]
[Round "2"]
[White "D'Agostino, Maurizio"]
[Black "Nepi, Ezio"]
[WhiteElo "2008"]
[BlackElo "1945"]
[Result "0-1"]
[PlyCount "38"]
[EventDate "2012.12.05"]

1. d4 d5 2. Nf3 Nf6 3. e3 g6 4. Nbd2 Bg7 5. b3 O-O 6. Bb2 c6 7. Be2 Bf5 8. h3
Nbd7 9. g4 Be4 10. Nxe4 Nxe4 11. Nd2 Qa5 12. Bd3 Nc3 13. Bxc3 Qxc3 14. O-O e5
15. dxe5 Nxe5 16. Be2 f5 17. Rb1 f4 18. exf4 Rxf4 19. f3 Rd4 0-1

[Event "XXXIII Memorial Edoardo Crespi A"]
[Site "Milano ITA"]
[Date "2012.12.06"]
[Round "2"]
[White "Dassisti, Alberto"]
[Black "Nardone, Massimo"]
[WhiteElo "1921"]
[BlackElo "1925"]
[Result "0-1"]
[PlyCount "116"]
[EventDate "2012.12.05"]

1. e4 b6 2. Nc3 Bb7 3. Nf3 c5 4. d3 e6 5. Bf4 Nf6 6. h4 d6 7. h5 h6 8. Nb5 e5
9. Bd2 a6 10. Nc3 Nc6 11. Nh4 Nd4 12. Ne2 Be7 13. Nxd4 cxd4 14. Nf5 Rg8 15. g4
Nh7 16. Nxe7 Qxe7 17. Bg2 Ng5 18. c3 dxc3 19. bxc3 Ne6 20. Rb1 b5 21. Be3 Rc8
22. Qd2 Qc7 23. Rc1 Qa5 24. O-O Ke7 25. Kh2 f6 26. Qb2 Nc5 27. Bxc5 Rxc5 28. c4
Rgc8 29. Rfd1 Qc7 30. Bf1 bxc4 31. dxc4 Bxe4 32. Kg3 Bh7 33. Qd2 Bg8 34. f3 Qd7
35. f4 Bxc4 36. fxe5 fxe5 37. g5 Bxf1 38. Rxc5 Qh3+ 39. Kf2 Qg2+ 40. Ke1 Qxd2+
41. Kxd2 Rxc5 42. Rxf1 hxg5 43. Rf5 e4 44. Rf2 Re5 45. Ke3 Ke6 46. h6 gxh6 47.
Rh2 Kf5 48. Rxh6 Re6 49. Rh2 g4 50. Rh5+ Kg6 51. Rd5 Kf6 52. Kf4 e3 53. Rd1 e2
54. Re1 d5 55. Kxg4 d4 56. Kf3 d3 57. Kf2 d2 58. Rxe2 d1=Q 0-1

[Event "XXXIII Memorial Edoardo Crespi A"]
[Site "Milano ITA"]
[Date "2012.12.06"]
[Round "2"]
[White "Ganci, Stefano"]
[Black "Villalba, Fernando"]
[WhiteElo "1933"]
[BlackElo "1852"]
[Result "1/2-1/2"]
[PlyCount "109"]
[EventDate "2012.12.05"]

1. b4 d5 2. Bb2 Nf6 3. e3 g6 4. Bxf6 exf6 5. a3 Bg7 6. d4 O-O 7. c4 dxc4 8.
Bxc4 b6 9. Qf3 c6 10. Ne2 Bb7 11. O-O Qc7 12. Qg3 Qxg3 13. Nxg3 f5 14. Ne2 Nd7
15. Ra2 a5 16. b5 c5 17. Rd2 Rac8 18. Rc1 Nf6 19. Rdd1 Ne4 20. Nd2 Rfd8 21. f3
Nd6 22. Kf2 cxd4 23. exd4 Bh6 24. Bd3 Bg7 25. Rxc8 Rxc8 26. a4 Bd5 27. g3 h5
28. h3 Kf8 29. Ke3 Ke7 30. Rc1 Kd7 31. Rxc8 Kxc8 32. f4 Kd7 33. h4 f6 34. Ng1
Ke6 35. Nh3 Bg2 36. Nf2 Bh6 37. Nd1 g5 38. Nb2 Bd5 39. Nbc4 Nc8 40. Nb2 g4 41.
Ndc4 Bf8 42. Kf2 Bb4 43. Ne3 Be4 44. Bc4+ Ke7 45. Nd5+ Bxd5 46. Bxd5 Bc3 47.
Nc4 Bxd4+ 48. Ke2 Nd6 49. Nxd6 Kxd6 50. Bf7 Bc5 51. Bxh5 Ke6 52. Bg6 Bf8 53. h5
Bh6 54. Ke3 Bf8 55. Kd4 1/2-1/2

[Event "XXXIII Memorial Edoardo Crespi A"]
[Site "Milano ITA"]
[Date "2012.12.06"]
[Round "2"]
[White "Marincolo, Piercarlo"]
[Black "Deghi, Donatello"]
[WhiteElo "1950"]
[BlackElo "1800"]
[Result "0-1"]
[PlyCount "60"]
[EventDate "2012.12.05"]

1. d4 f5 2. e4 fxe4 3. Nc3 Nf6 4. Bg5 g6 5. h4 h6 6. Bxf6 exf6 7. Qg4 Rg8 8.
Qxe4+ Qe7 9. Bc4 Rg7 10. O-O-O Qxe4 11. Nxe4 Be7 12. Nf3 d6 13. Rhe1 Kf8 14.
Re3 c6 15. d5 c5 16. Rde1 Nd7 17. Nxd6 Bxd6 18. Re8+ Kf7 19. Bb5 Ne5 20. Nxe5+
fxe5 21. Rh8 Bc7 22. Rxh6 a6 23. Be2 Bf5 24. g4 e4 25. Kb1 Bf4 26. g5 b5 27. b3
c4 28. f3 e3 29. bxc4 bxc4 30. Bxc4 Rb8+ 0-1

[Event "XXXIII Memorial Edoardo Crespi A"]
[Site "Milano ITA"]
[Date "2012.12.06"]
[Round "2"]
[White "Messina, Roberta"]
[Black "D'Orta, Antonio"]
[WhiteElo "1993"]
[BlackElo "1934"]
[Result "1/2-1/2"]
[PlyCount "38"]
[EventDate "2012.12.05"]

1. c4 c6 2. g3 Nf6 3. Bg2 g6 4. b3 Bg7 5. Bb2 O-O 6. Nf3 d5 7. O-O Nbd7 8. d3
Re8 9. Nbd2 e5 10. cxd5 cxd5 11. Qc2 e4 12. dxe4 dxe4 13. Nd4 e3 14. fxe3 Ng4
15. Nc4 Nxe3 16. Nxe3 Rxe3 17. Qc4 Ne5 18. Qc5 Qb6 19. Qxb6 axb6 1/2-1/2

[Event "XXXIII Memorial Edoardo Crespi A"]
[Site "Milano ITA"]
[Date "2012.12.06"]
[Round "2"]
[White "Miracola, Giorgia"]
[Black "Colombo, Luca"]
[WhiteElo "1839"]
[BlackElo "1884"]
[Result "1-0"]
[PlyCount "79"]
[EventDate "2012.12.05"]

1. e4 c5 2. Nf3 Nc6 3. d4 cxd4 4. Nxd4 g6 5. c4 Nf6 6. Nc3 d6 7. Be2 Nxd4 8.
Qxd4 Bg7 9. Be3 O-O 10. Qd2 Qa5 11. O-O Be6 12. f3 Rfc8 13. b3 Nd7 14. Rac1 Qd8
15. Rfd1 a5 16. Bf1 Ne5 17. Kh1 Nc6 18. Na4 Rab8 19. Nb6 Rc7 20. Qf2 Ne5 21. c5
Nd7 22. cxd6 exd6 23. Bb5 Ne5 24. h3 Qe7 25. f4 Nc6 26. Qd2 Rd8 27. f5 gxf5 28.
exf5 Bxf5 29. Nd5 Qd7 30. Nxc7 Qxc7 31. Qf2 Qd7 32. Bb6 Re8 33. Bxa5 Be4 34.
Qg3 Re6 35. Bxc6 bxc6 36. Rd2 Rg6 37. Qe3 d5 38. Qxe4 Qa7 39. Qe8+ Bf8 40. Bb4
1-0

[Event "XXXIII Memorial Edoardo Crespi A"]
[Site "Milano ITA"]
[Date "2012.12.06"]
[Round "2"]
[White "Monticone, Sonia"]
[Black "Aliberti, Emilio"]
[WhiteElo "1854"]
[BlackElo "1899"]
[Result "1/2-1/2"]
[PlyCount "80"]
[EventDate "2012.12.05"]

1. e4 c6 2. Nc3 d5 3. Nf3 Bg4 4. h3 Bxf3 5. Qxf3 e6 6. g3 d4 7. Nb1 e5 8. Bc4
Nf6 9. d3 Nbd7 10. O-O Bd6 11. a4 O-O 12. Nd2 Qe7 13. Qg2 Ne8 14. Nf3 Kh8 15.
Nh4 g6 16. Bh6 Ng7 17. Nf3 f6 18. g4 Rfe8 19. h4 Nf8 20. Qh3 Nfe6 21. Rfe1 a5
22. c3 Rad8 23. Bd2 b6 24. cxd4 Nxd4 25. Nxd4 exd4 26. f4 Bb4 27. Bxb4 Qxb4 28.
b3 Qd6 29. Rf1 Rf8 30. Rae1 Ne6 31. Qf3 Nc7 32. Qg2 b5 33. axb5 cxb5 34. Bd5
Nxd5 35. exd5 Qxd5 36. Qxd5 Rxd5 37. Re7 Kg8 38. Ra7 b4 39. Ra1 Rf7 40. Ra8+
Rf8 1/2-1/2

[Event "XXXIII Memorial Edoardo Crespi A"]
[Site "Milano ITA"]
[Date "2012.12.06"]
[Round "2"]
[White "Mouflih, Caesar Faycal"]
[Black "Penna, Tommaso"]
[WhiteElo "1982"]
[BlackElo "1893"]
[Result "1/2-1/2"]
[PlyCount "96"]
[EventDate "2012.12.05"]

1. e4 c5 2. Nf3 e6 3. d4 cxd4 4. Nxd4 Nc6 5. g3 d5 6. Bg2 Nf6 7. exd5 Nxd5 8.
Nxc6 bxc6 9. c4 Bb4+ 10. Bd2 Bxd2+ 11. Qxd2 Ne7 12. Qg5 O-O 13. Nc3 Ba6 14. Rd1
Qc7 15. b3 Rad8 16. O-O Nf5 17. g4 h6 18. Qh5 Nd4 19. f4 Qb6 20. Kh1 Qb4 21.
Ne4 f5 22. Ng3 fxg4 23. Qxg4 Bb7 24. Nh5 Nf5 25. Qe2 Qe7 26. Ng3 Nd4 27. Qe5 c5
28. Bxb7 Qxb7+ 29. Qe4 Qxe4+ 30. Nxe4 Rf5 31. Kg2 Kf7 32. Ng3 Rf6 33. Ne4 Rf5
34. Ng3 Rf6 35. f5 exf5 36. Rxf5 Rxf5 37. Nxf5 Kf6 38. Ne3 Re8 39. Nd5+ Kg5 40.
Rd2 Re2+ 41. Rxe2 Nxe2 42. a3 Nf4+ 43. Nxf4 Kxf4 44. b4 cxb4 45. axb4 Ke4 46.
Kg3 Kd4 47. c5 Kd5 48. Kf4 g6 1/2-1/2

[Event "XXXIII Memorial Edoardo Crespi A"]
[Site "Milano ITA"]
[Date "2012.12.06"]
[Round "2"]
[White "Paganini, Andrea"]
[Black "Primerano, Carlo"]
[WhiteElo "1882"]
[BlackElo "1773"]
[Result "1/2-1/2"]
[PlyCount "86"]
[EventDate "2012.12.05"]

1. e4 d5 2. exd5 Qxd5 3. Nc3 Qa5 4. d4 Nf6 5. g3 c6 6. Bg2 Bf5 7. Bd2 e6 8. Nf3
Nbd7 9. O-O Bb4 10. a3 Bxc3 11. bxc3 Qa4 12. Ne1 O-O 13. Nd3 Ne4 14. Nb2 Qa6
15. Be1 Ndf6 16. f3 Nd6 17. Rf2 Nd5 18. Qc1 b5 19. Bf1 Nc4 20. a4 Nde3 21. axb5
Qxb5 22. Nxc4 Nxc4 23. Rb1 Qd5 24. Qf4 Nb6 25. g4 Bg6 26. h4 h6 27. Bd3 Bxd3
28. cxd3 Rfd8 29. Re2 f6 30. Qe3 Re8 31. c4 Qd7 32. Bg3 Rad8 33. Bf2 e5 34.
dxe5 Rxe5 35. Qd2 Qxd3 36. Qxd3 Rxd3 37. Rxe5 fxe5 38. Kg2 Nxc4 39. Rc1 Ne3+
40. Bxe3 Rxe3 41. Rxc6 Ra3 42. Rc5 Kf7 43. Rxe5 Kf6 1/2-1/2

[Event "XXXIII Memorial Edoardo Crespi A"]
[Site "Milano ITA"]
[Date "2012.12.06"]
[Round "2"]
[White "Papale, Carmelo"]
[Black "Iacchetti, Giovanni"]
[WhiteElo "1885"]
[BlackElo "1775"]
[Result "1/2-1/2"]
[PlyCount "83"]
[EventDate "2012.12.05"]

1. e4 d6 2. Nf3 g6 3. d3 Bg7 4. g3 Nf6 5. Bg2 c5 6. Nbd2 Nc6 7. O-O O-O 8. Re1
Qc7 9. Nf1 b5 10. e5 dxe5 11. Nxe5 Bb7 12. Nxc6 Bxc6 13. Bxc6 Qxc6 14. Rxe7 Nd5
15. Re1 Rad8 16. Qf3 Qb6 17. a3 a5 18. Rb1 a4 19. Ne3 Nc7 20. Bd2 Ne6 21. Nd5
Nd4 22. Qe4 Qd6 23. c4 Nc2 24. Bf4 Qd7 25. Rec1 Rfe8 26. Qg2 Nd4 27. Re1 Ne2+
28. Kf1 bxc4 29. dxc4 Qf5 30. Be3 Qd3 31. Rxe2 Qxb1+ 32. Re1 Qd3+ 33. Kg1 Qxc4
34. Nc7 Re4 35. Qf3 Bxb2 36. Rb1 Be5 37. Rc1 Qd3 38. Rxc5 Qd1+ 39. Kg2 Qxf3+
40. Kxf3 f5 41. Ne6 Re8 42. Ng5 1/2-1/2

[Event "XXXIII Memorial Edoardo Crespi A"]
[Site "Milano ITA"]
[Date "2012.12.06"]
[Round "2"]
[White "Pecorario, Stefano"]
[Black "Brociner, Beniamino"]
[WhiteElo "1774"]
[BlackElo "1965"]
[Result "1/2-1/2"]
[PlyCount "55"]
[EventDate "2012.12.05"]

1. e4 c5 2. Nf3 g6 3. d4 cxd4 4. Nxd4 Bg7 5. Be3 Nc6 6. c3 Nf6 7. Nd2 d5 8. Bb5
Bd7 9. exd5 Nxd5 10. O-O Nxe3 11. fxe3 O-O 12. Ba4 Ne5 13. Bxd7 Qxd7 14. Qe2
Bh6 15. N2f3 Ng4 16. e4 Rac8 17. e5 e6 18. Nc2 Qc7 19. Rae1 Qb6+ 20. Nfd4 Qxb2
21. Qxg4 Rxc3 22. Rb1 Qxa2 23. Rxb7 Rxc2 24. Nxc2 Qxc2 25. Qf3 Qf5 26. Rxa7
Qxe5 27. Kh1 Qf5 28. g4 1/2-1/2

[Event "XXXIII Memorial Edoardo Crespi A"]
[Site "Milano ITA"]
[Date "2012.12.06"]
[Round "2"]
[White "Piantoni, Pierino"]
[Black "Castrogiovanni, Carlo"]
[WhiteElo "1899"]
[BlackElo "1996"]
[Result "1/2-1/2"]
[PlyCount "80"]
[EventDate "2012.12.05"]

1. c4 Nf6 2. g3 e5 3. Bg2 d5 4. cxd5 Nxd5 5. Nc3 Nb6 6. Nf3 Nc6 7. O-O Be7 8.
a3 O-O 9. b4 Re8 10. Rb1 Bf8 11. d3 Rb8 12. Be3 f6 13. a4 Be6 14. Bc5 Nd5 15.
Nxd5 Bxd5 16. e3 Bxc5 17. bxc5 b6 18. Qc2 Qd7 19. Rfc1 Rbc8 20. Rb5 a6 21. Rbb1
a5 22. Ne1 Nb4 23. Bxd5+ Qxd5 24. Qc4 Rcd8 25. cxb6 cxb6 26. Qxd5+ Rxd5 27. Rc7
Red8 28. Rb7 R5d6 29. Rc1 R8d7 30. Rc8+ Kf7 31. Rcb8 Rxb7 32. Rxb7+ Kg6 33. Nf3
Kh6 34. d4 e4 35. Nd2 Re6 36. Nc4 Nd5 37. Kf1 Rc6 38. Nd2 f5 39. Rd7 Nc3 40. d5
Rf6 1/2-1/2

[Event "XXXIII Memorial Edoardo Crespi A"]
[Site "Milano ITA"]
[Date "2012.12.06"]
[Round "2"]
[White "Picone, Franco"]
[Black "Rossi, Giampiero"]
[WhiteElo "1848"]
[BlackElo "1896"]
[Result "0-1"]
[PlyCount "128"]
[EventDate "2012.12.05"]

1. d4 d5 2. Bf4 c6 3. e3 Bf5 4. c4 Bxb1 5. Qxb1 e6 6. c5 Nd7 7. Nf3 Ngf6 8. h3
Be7 9. Bd3 O-O 10. O-O Re8 11. b4 a6 12. a4 g6 13. Rc1 Nh5 14. Bh2 Bf6 15. e4
dxe4 16. Bxe4 Bg7 17. b5 axb5 18. axb5 Rxa1 19. Qxa1 Nhf6 20. bxc6 Nxc5 21.
Rxc5 Nxe4 22. c7 Qd7 23. Rc4 b5 24. Rc1 Rc8 25. Qa6 b4 26. Ne5 Bxe5 27. Bxe5
Nc3 28. Qc4 Nd5 29. Qc6 Qxc6 30. Rxc6 b3 31. Rc5 b2 32. Rb5 Nxc7 33. Rxb2 Nd5
34. Rb8 Rxb8 35. Bxb8 f6 36. g3 Kf7 37. Kf1 Ke7 38. Ke2 Kd7 39. Ba7 Kc6 40. Kd3
Kb5 41. Bc5 f5 42. f3 Nb6 43. f4 Na4 44. Ba3 Kc6 45. Kc4 Nb6+ 46. Kd3 Kd5 47.
h4 Nd7 48. Be7 Nb8 49. Bf8 Nc6 50. Bc5 Nd8 51. Be7 Nf7 52. Ba3 Nd6 53. Bb4 Ne4
54. Be1 h6 55. Ke3 Kc4 56. Kf3 Kxd4 57. g4 fxg4+ 58. Kxg4 Ke3 59. Ba5 h5+ 60.
Kh3 Kxf4 61. Bc7+ e5 62. Kg2 Nf6 63. Bd8 Ng4 64. Bg5+ Ke4 0-1

[Event "XXXIII Memorial Edoardo Crespi A"]
[Site "Milano ITA"]
[Date "2012.12.06"]
[Round "2"]
[White "Virzi, Ettore"]
[Black "Regorda, Vittorio"]
[WhiteElo "1974"]
[BlackElo "1801"]
[Result "1/2-1/2"]
[PlyCount "83"]
[EventDate "2012.12.05"]

1. e4 e6 2. d4 d5 3. Nc3 Nf6 4. Bg5 Bb4 5. exd5 Qxd5 6. Bd2 Bxc3 7. bxc3 O-O 8.
Nf3 Qe4+ 9. Be2 Nbd7 10. O-O b6 11. Ng5 Qb7 12. Re1 h6 13. Nf3 c5 14. Bd3 Qc7
15. Qe2 Bb7 16. Ne5 Rad8 17. Bf4 Nxe5 18. Bxe5 Qc6 19. f4 Nd7 20. Bb5 Qc8 21.
Bd6 Rfe8 22. dxc5 bxc5 23. Rad1 a6 24. Ba4 Bc6 25. Bb3 Bb5 26. c4 Bc6 27. c3
Bb7 28. Bc2 Qc6 29. Be4 Qxe4 30. Qxe4 Bxe4 31. Rxe4 Nb6 32. Ree1 Na4 33. Be5 f6
34. Rxd8 Rxd8 35. Bc7 Rd7 36. Ba5 Kf7 37. Re2 Rd3 38. Rc2 Ke7 39. Kf2 Kd7 40.
Ke2 Rd6 41. Ke3 Kc6 42. h3 1/2-1/2

[Event "XXXIII Memorial Edoardo Crespi A"]
[Site "Milano ITA"]
[Date "2012.12.06"]
[Round "2"]
[White "Zuliani, Francesco"]
[Black "Cerioni, Armando"]
[WhiteElo "1783"]
[BlackElo "1979"]
[Result "1/2-1/2"]
[PlyCount "37"]
[EventDate "2012.12.05"]

1. e4 c5 2. c3 d5 3. exd5 Qxd5 4. d4 e6 5. Nf3 Nf6 6. Bd3 Be7 7. O-O O-O 8. Be3
Nc6 9. dxc5 Bxc5 10. Bxc5 Qxc5 11. Qe2 b6 12. Nbd2 Bb7 13. Ne4 Nxe4 14. Bxe4
Rad8 15. Rfd1 Qe7 16. Rxd8 Rxd8 17. Rd1 Rxd1+ 18. Qxd1 Qd8 19. Qa4 1/2-1/2

[Event "XXXIII Memorial Edoardo Crespi A"]
[Site "Milano ITA"]
[Date "2012.12.07"]
[Round "3"]
[White "Aliberti, Emilio"]
[Black "Paganini, Andrea"]
[WhiteElo "1899"]
[BlackElo "1882"]
[Result "1-0"]
[PlyCount "101"]
[EventDate "2012.12.05"]

1. d4 d5 2. c4 c6 3. Nf3 Nf6 4. e3 a6 5. Bd3 g6 6. O-O Bg7 7. b3 O-O 8. Bb2
Nbd7 9. Nbd2 b5 10. Qc2 Bb7 11. Rfd1 Re8 12. Rac1 Rc8 13. Qb1 Nh5 14. Ne5 Nhf6
15. Ndf3 Qb6 16. c5 Qc7 17. b4 a5 18. a4 Nxe5 19. dxe5 Nd7 20. axb5 cxb5 21.
Bxb5 Bc6 22. Bxc6 Qxc6 23. bxa5 Ra8 24. Qa2 e6 25. Bd4 Bf8 26. Ne1 Reb8 27. Nd3
Rb5 28. Ra1 Nb8 29. Rdb1 Na6 30. Rxb5 Qxb5 31. Qa3 Rb8 32. g3 Be7 33. Kg2 Qc6
34. Ra2 Kg7 35. Rb2 Rxb2 36. Qxb2 Bd8 37. Nb4 Nxb4 38. Qxb4 Bc7 39. Qa3 Qa6 40.
Bc3 h5 41. Qa4 Bd8 42. c6 Bc7 43. Bd4 Qxa5 44. Qxa5 Bxa5 45. Bc5 f6 46. exf6+
Kxf6 47. Bd6 e5 48. c7 Bxc7 49. Bxc7 d4 50. exd4 exd4 51. Kf3 1-0

[Event "XXXIII Memorial Edoardo Crespi A"]
[Site "Milano ITA"]
[Date "2012.12.07"]
[Round "3"]
[White "Beltrami, Francesco"]
[Black "Virzi, Ettore"]
[WhiteElo "1856"]
[BlackElo "1974"]
[Result "1/2-1/2"]
[PlyCount "74"]
[EventDate "2012.12.05"]

1. Nf3 Nf6 2. g3 g6 3. Bg2 Bg7 4. O-O d5 5. c4 O-O 6. d4 dxc4 7. Ne5 c6 8. Na3
Be6 9. Naxc4 Bd5 10. f3 Nfd7 11. e4 Bxc4 12. Nxc4 Nb6 13. Ne5 N8d7 14. Ng4 h5
15. Nf2 c5 16. dxc5 Nxc5 17. Be3 Nca4 18. b3 Qxd1 19. Raxd1 Nc3 20. Rd2 Rfd8
21. Rc2 Nb5 22. Rd1 Rxd1+ 23. Nxd1 Rd8 24. Rd2 Rxd2 25. Bxd2 Bd4+ 26. Kf1 Nd7
27. f4 e5 28. a4 Nd6 29. Ke2 Nc5 30. fxe5 Bxe5 31. Be3 Nxb3 32. Bxa7 b5 33.
axb5 Nxb5 34. Bb6 N3d4+ 35. Kd3 Ne6 36. Ne3 Bd4 37. Bxd4 Nbxd4 1/2-1/2

[Event "XXXIII Memorial Edoardo Crespi A"]
[Site "Milano ITA"]
[Date "2012.12.07"]
[Round "3"]
[White "Brioschi, Camillo"]
[Black "Castrogiovanni, Carlo"]
[WhiteElo "1812"]
[BlackElo "1996"]
[Result "1/2-1/2"]
[PlyCount "62"]
[EventDate "2012.12.05"]

1. d4 Nf6 2. c4 c5 3. d5 b5 4. cxb5 a6 5. f3 d6 6. e4 Nbd7 7. Na3 g6 8. Ne2
axb5 9. Nxb5 Bg7 10. Nec3 O-O 11. Be3 Ba6 12. a4 Qa5 13. Qd2 Rfb8 14. Be2 Ne8
15. O-O Nc7 16. Ra3 Bxb5 17. axb5 Qb4 18. Rfa1 Rxa3 19. Rxa3 Bxc3 20. Qxc3 Qxc3
21. bxc3 Nxb5 22. Rb3 Nc7 23. Rxb8+ Nxb8 24. c4 Kf8 25. e5 Nd7 26. exd6 exd6
27. Bd2 Na8 28. Ba5 Nab6 29. Kf2 Ke7 30. Ke3 f5 31. Bxb6 Nxb6 1/2-1/2

[Event "XXXIII Memorial Edoardo Crespi A"]
[Site "Milano ITA"]
[Date "2012.12.07"]
[Round "3"]
[White "Brociner, Beniamino"]
[Black "Deghi, Donatello"]
[WhiteElo "1965"]
[BlackElo "1800"]
[Result "1-0"]
[PlyCount "120"]
[EventDate "2012.12.05"]

1. Nf3 d5 2. d4 f5 3. g3 Nf6 4. Bg2 e6 5. O-O Be7 6. c4 c6 7. Nc3 O-O 8. Qb3
Nbd7 9. cxd5 cxd5 10. Qc2 a6 11. a4 b6 12. Ng5 Nb8 13. Bd2 h6 14. Nf3 Bd6 15.
Ne5 Bxe5 16. dxe5 Ne4 17. Nxe4 fxe4 18. f3 exf3 19. exf3 Qe7 20. Qb3 Nc6 21. f4
Bd7 22. Be3 Rab8 23. Bxb6 Na5 24. Qe3 Nc4 25. Qc5 Qxc5+ 26. Bxc5 Rfc8 27. b4 a5
28. Rfb1 Nd2 29. Rd1 Nb3 30. Rab1 Nxc5 31. bxc5 Bxa4 32. Rxb8 Rxb8 33. Ra1 Be8
34. Rxa5 Rb1+ 35. Bf1 Rc1 36. Kg2 Rc2+ 37. Kg1 Rc1 38. Ra8 Kf7 39. Ra7+ Kf8 40.
Kf2 Rxc5 41. Bh3 Rc6 42. Ke3 Rc3+ 43. Kd2 Rc6 44. Bf1 Rb6 45. Ra6 Rxa6 46. Bxa6
g6 47. h4 Kg7 48. Ke3 g5 49. fxg5 hxg5 50. hxg5 Kg6 51. Kf4 Bd7 52. Bd3+ Kg7
53. Ke3 Be8 54. Kd4 Bg6 55. Be2 Kf8 56. Bg4 Ke7 57. Kc5 Kd7 58. Be2 Kc7 59. Bb5
Bh7 60. Be2 Bg6 1-0

[Event "XXXIII Memorial Edoardo Crespi A"]
[Site "Milano ITA"]
[Date "2012.12.07"]
[Round "3"]
[White "Ceka, Shpetim"]
[Black "Marincolo, Piercarlo"]
[WhiteElo "1862"]
[BlackElo "1950"]
[Result "1-0"]
[PlyCount "91"]
[EventDate "2012.12.05"]

1. e4 c5 2. Nc3 Nc6 3. Bc4 e6 4. f4 a6 5. a4 Bd6 6. e5 Bc7 7. Qg4 g6 8. Nf3 Nh6
9. Qh3 Nf5 10. Ne4 Qe7 11. Nf6+ Kd8 12. c3 d5 13. Bd3 Bd7 14. O-O Bb6 15. Kh1
h6 16. Nh4 Nxh4 17. Qxh4 Kc7 18. Qe1 g5 19. f5 c4 20. Bc2 Na5 21. Qd1 Bc6 22.
b4 cxb3 23. Bxb3 exf5 24. d4 Qe6 25. Rb1 Rad8 26. Bc2 f4 27. Ba3 Nc4 28. Qc1 h5
29. Rf3 Ba7 30. h4 Nxe5 31. hxg5 Nxf3 32. Qxf4+ Rd6 33. Bf5 Qe7 34. gxf3 Bb8
35. Qd2 Kd8 36. Re1 Qc7 37. Re5 Re6 38. Bxe6 fxe6 39. g6 Qg7 40. Qg5 Bxe5 41.
Qxe5 Kc8 42. Qxe6+ Bd7 43. Qf7 Qxf7 44. gxf7 Be6 45. f8=Q+ Rxf8 46. Bxf8 1-0

[Event "XXXIII Memorial Edoardo Crespi A"]
[Site "Milano ITA"]
[Date "2012.12.07"]
[Round "3"]
[White "Cerioni, Armando"]
[Black "Piantoni, Pierino"]
[WhiteElo "1979"]
[BlackElo "1899"]
[Result "1-0"]
[PlyCount "75"]
[EventDate "2012.12.05"]

1. d4 d5 2. Nf3 Nf6 3. e3 c6 4. c4 e6 5. b3 Bb4+ 6. Nbd2 O-O 7. Bd3 Nbd7 8. O-O
Re8 9. Bb2 Bxd2 10. Qxd2 Ne4 11. Qc2 f5 12. Ne5 Nxe5 13. dxe5 Bd7 14. b4 Rc8
15. Qe2 Qe7 16. f3 Ng5 17. Rab1 b6 18. Bc3 Red8 19. Rfd1 Be8 20. Be1 Nf7 21.
Bg3 Rd7 22. a3 Nd8 23. f4 Bg6 24. Be1 Nb7 25. Bc3 c5 26. b5 Qe8 27. h3 Rcd8 28.
Kh1 Rc8 29. g4 dxc4 30. Bxc4 fxg4 31. Rxd7 Be4+ 32. Kg1 Qxd7 33. Rd1 Qe7 34.
Qxg4 Re8 35. f5 Bc2 36. Bxe6+ Kh8 37. Rd7 Qf8 38. Rf7 1-0

[Event "XXXIII Memorial Edoardo Crespi A"]
[Site "Milano ITA"]
[Date "2012.12.07"]
[Round "3"]
[White "Colombo, Luca"]
[Black "Picone, Franco"]
[WhiteElo "1884"]
[BlackElo "1848"]
[Result "1-0"]
[PlyCount "51"]
[EventDate "2012.12.05"]

1. e4 c5 2. Nc3 Nc6 3. g3 g6 4. d3 d6 5. Bg2 Bg7 6. Be3 e6 7. Qd2 Nge7 8. Bh6
Bxh6 9. Qxh6 Nd4 10. O-O-O Qa5 11. Kb1 Rb8 12. Nge2 Nxe2 13. Nxe2 b5 14. d4 c4
15. d5 b4 16. dxe6 Bxe6 17. Rxd6 b3 18. cxb3 cxb3 19. a3 Qc5 20. Qf4 O-O 21.
Rc1 Qa5 22. Qd2 Qb5 23. Nd4 Qe5 24. Nxe6 fxe6 25. f4 Qf6 26. Bh3 1-0

[Event "XXXIII Memorial Edoardo Crespi A"]
[Site "Milano ITA"]
[Date "2012.12.07"]
[Round "3"]
[White "D'Avino, Gianfranco"]
[Black "Consalvo, Gerardo"]
[WhiteElo "1855"]
[BlackElo "1959"]
[Result "0-1"]
[PlyCount "72"]
[EventDate "2012.12.05"]

1. d4 g6 2. g3 Bg7 3. Bg2 c5 4. Nf3 cxd4 5. Nxd4 Nc6 6. c3 Nf6 7. O-O O-O 8. e4
Qb6 9. Nb3 d6 10. Be3 Qc7 11. Na3 a6 12. Nc4 Nd7 13. a4 Nce5 14. Nxe5 Nxe5 15.
Bd4 Be6 16. f4 Nc4 17. Bxg7 Kxg7 18. Qd4+ f6 19. Rf2 Bf7 20. a5 Rab8 21. g4 b6
22. Bf1 e5 23. fxe5 Nxe5 24. Nd2 Nxg4 25. Rf4 Be6 26. h3 Ne5 27. axb6 Rxb6 28.
Rxa6 Rxa6 29. Bxa6 Bxh3 30. b4 Qd7 31. b5 g5 32. Rf2 Qg4+ 33. Kh2 Qh5 34. Kg1
Qd1+ 35. Nf1 Qg4+ 36. Kh1 Nf3 0-1

[Event "XXXIII Memorial Edoardo Crespi A"]
[Site "Milano ITA"]
[Date "2012.12.09"]
[Round "3"]
[White "D'Orta, Antonio"]
[Black "Zuliani, Francesco"]
[WhiteElo "1934"]
[BlackElo "1783"]
[Result "1-0"]
[PlyCount "79"]
[EventDate "2012.12.05"]

1. d4 d5 2. Nf3 Nc6 3. Bf4 Bg4 4. Nbd2 Nf6 5. c3 e6 6. h3 Bf5 7. Qb3 Rb8 8. e3
a6 9. Qa4 Qd7 10. b4 Be7 11. b5 axb5 12. Bxb5 Bd6 13. Ne5 Bxe5 14. Bxe5 O-O 15.
O-O Ne8 16. Rfc1 f6 17. Bg3 Nd6 18. c4 Ra8 19. Qb3 Nxb5 20. Qxb5 Bd3 21. Qxb7
Rfb8 22. Qxc7 Qxc7 23. Bxc7 Rb2 24. cxd5 Nb4 25. Nc4 Bxc4 26. Rxc4 Nxd5 27. a4
Rc8 28. Rac1 Rb7 29. Bd6 Rxc4 30. Rxc4 Rb1+ 31. Kh2 Nb6 32. Rc7 Nxa4 33. h4 Rb6
34. Bc5 Rb8 35. h5 Re8 36. h6 g6 37. Rg7+ Kh8 38. Be7 Nb6 39. Bxf6 Nd5 40. Be5
1-0